LIBRARY & INFORMATION CENTRE, KCAET, TAVANUR

ONLINE PUBLIC ACCESS CATALOGUE (OPAC)

Elements of water resources engineering / (Record no. 2725)

MARC details
000 -LEADER
fixed length control field 00452cam a2200169ua 4500
003 - CONTROL NUMBER IDENTIFIER
control field OSt
008 - FIXED-LENGTH DATA ELEMENTS--GENERAL INFORMATION
fixed length control field 250812b |||||||| |||| 00| 0 eng d
020 ## - INTERNATIONAL STANDARD BOOK NUMBER
ISBN 81 224 0807 9
041 ## - LANGUAGE CODE
Language code of text/sound track or separate title eng
082 ## - DEWEY DECIMAL CLASSIFICATION NUMBER
Classification number 627.01
Item number DUG/EL
100 ## - MAIN ENTRY--AUTHOR NAME
Personal name Duggal, K N .
245 ## - TITLE STATEMENT
Title Elements of water resources engineering /
260 ## - PUBLICATION, DISTRIBUTION, ETC. (IMPRINT)
Place of publication Newdelhi :
Name of publisher New age international publishers ,
Year of publication 1996.
300 ## - PHYSICAL DESCRIPTION
Number of Pages 588 ; .
700 1# - ADDED ENTRY--PERSONAL NAME
Personal name Soni, J P .
942 ## - ADDED ENTRY ELEMENTS (KOHA)
Koha item type Books
Holdings
Withdrawn status Lost status Damaged status Home library Current library Date acquired Full call number Accession Number Koha item type
      KAUAET KAUAET 07/04/2012 627.01 DUG/EL 19510 Books
free website counter